000
00221 a2200097 4500
001
53029
100
_a
Rutherford W
245
_a
Rommel:Biography of F M Erwin
260
_a
M K
_b
Hamlyan Books
_c
090
_c
33347
_d
33347
942
_a
NUST-CAE
_c
M
_c
25944
999
_c
288102
_d
288102